La juridiction administrative dans le droit constitutionel (Record no. 156201)

MARC details
000 -LEADER
campo de control de longitud fija 00703nam a22001815i 4500
001 - NÚMERO DE CONTROL
campo de control 156201
003 - IDENTIFICADOR DE NÚMERO DE CONTROL
campo de control ES-MaACL
005 - FECHA Y HORA DE LA ÚLTIMA TRANSACCIÓN
campo de control 20250808090504.0
008 - DATOS DE LONGITUD FIJA--INFORMACIÓN GENERAL
campo de control de longitud fija 040729s1891 fr |||| | fre d
040 ## - FUENTE DE CATALOGACIÓN
Centro catalogador/agencia de origen CAM
Lengua de catalogación spa
Centro/agencia transcriptor CAM
100 1# - ENTRADA PRINCIPAL--NOMBRE DE PERSONA
Nombre de persona Jacquelin, René.
9 (RLIN) 128245
245 13 - MENCIÓN DEL TÍTULO
Título La juridiction administrative dans le droit constitutionel
Resto del título : étude d'histoire, de legislation comparé et de critique /
Mención de responsabilidad, etc. par René Jacquelin.
260 ## - PUBLICACIÓN, DISTRIBUCIÓN, ETC.
Lugar de publicación, distribución, etc. Paris :
Nombre del editor, distribuidor, etc. A. Giard,
Fecha de publicación, distribución, etc. 1891 (
Fabricante Imprimerie des Écoles)
300 ## - DESCRIPCIÓN FÍSICA
Extensión 507 p. ;
Dimensiones 22 cm.
650 00 - PUNTO DE ACCESO ADICIONAL DE MATERIA--TÉRMINO DE MATERIA
Término de materia o nombre geográfico como elemento de entrada Derecho constitucional-
Subdivisión geográfica Francia-
Subdivisión cronológica S.XIX
9 (RLIN) 222536
852 ## - LOCALIZACIÓN
Ubicación ES-MaACL
Número de control de estantería B-665
Nota libre -- Enc. hol., conservando la enc. editorial
Holdings
Estatus retirado Estado de pérdida Estado de daño No para préstamo Colección Biblioteca de origen Biblioteca actual Ubicación en estantería Fecha de adquisición Fuente de adquisición Total de préstamos Signatura topográfica completa Código de barras Visto por última vez Precio de reemplazo Tipo de ítem Koha
        Libros del s. XIX Biblioteca del Ateneo de Madrid Biblioteca del Ateneo de Madrid Sala Pardo Bazán 17/01/2008     B-665 1163415 23/02/2023 23/02/2023 Libro impreso antiguo